| 000 | 00561nam a22001817a 4500 | ||
|---|---|---|---|
| 003 | 0 | ||
| 005 | 20240111084500.0 | ||
| 008 | 240111b xxu||||| |||| 00| 0 eng d | ||
| 020 | _a978-1-63198-217-0 | ||
| 082 |
_aTR _bIf23 2018 |
||
| 100 | _aMeiners, Cheri J. | ||
| 245 |
_aI feel _cCheri J. Meiners |
||
| 260 |
_aMinneapolis _bFeel Spirit Publishing, Inc. _cc2018. |
||
| 300 |
_aunnumbered pages : _bcolored illustrations ; _c19cm. |
||
| 650 | _aEmotions in children--Juvenile literature. | ||
| 650 | _aEmotions--Juvenile literature. | ||
| 942 |
_2ddc _cBK |
||
| 999 |
_c365842 _d365842 |
||